000 00614cam a2200193 4500
008 000000n2000 000 0 eng u
035 _a(Sirsi) u110041
245 _aTaking a private position
260 _c2000
490 _aFinancial Times
_v15 December 2000, 35(1)
520 _aBuyouts at a discount and bonus pools as companies withdraw from the quoted are being scrutinised by the Takeover Panel after complaints from shareholders.
590 _aWB
650 _aBUYOUTS
650 _aBONUS POOLS
650 _aPRIVATISATION
650 _aTAKEOVER PANEL
690 _aECONOMIC ISSUES
942 _n0
999 _c65636
_d65636